Łodzki przemysł włókienniczy wobec ustawodawstwa pracy. (Record no. 16622)

MARC details
000 -LEADER
fixed length control field 00682cam a22002171 4500
001 - CONTROL NUMBER
control field ca 30000355
003 - CONTROL NUMBER IDENTIFIER
control field DLC
005 - DATE AND TIME OF LATEST TRANSACTION
control field 20260227111122.0
008 - FIXED-LENGTH DATA ELEMENTS--GENERAL INFORMATION
fixed length control field 860321s1927 pl 000 0 pol
010 ## - LIBRARY OF CONGRESS CONTROL NUMBER
LC control number ca 30000355
035 ## - SYSTEM CONTROL NUMBER
System control number (OCoLC)13322991
040 ## - CATALOGING SOURCE
Original cataloging agency DLC
Transcribing agency CU
Modifying agency CU
-- DLC
042 ## - AUTHENTICATION CODE
Authentication code premarc
050 00 - LIBRARY OF CONGRESS CALL NUMBER
Classification number HD8539.L62
Item number K7
100 1# - MAIN ENTRY--PERSONAL NAME
Personal name Krahelska, Halina,
Dates associated with a name 1892-1945.
245 10 - TITLE STATEMENT
Title Łodzki przemysł włókienniczy wobec ustawodawstwa pracy.
260 ## - PUBLICATION, DISTRIBUTION, ETC.
Place of publication, distribution, etc. Warszawa,
Name of publisher, distributor, etc. Księgarnia robotnicza,
Date of publication, distribution, etc. 1927.
300 ## - PHYSICAL DESCRIPTION
Extent 46, [1] p.
Dimensions 20 cm.
490 0# - SERIES STATEMENT
Series statement Instytut gospodarstwa społecznego. Sprawy robotnicze,
Volume/sequential designation nr. 2
650 #0 - SUBJECT ADDED ENTRY--TOPICAL TERM
Topical term or geographic name entry element Labor and laboring classes
Geographic subdivision Poland
-- Łódź.

No items available.

Powered by Koha